00743nam a2200181 i 450000100060000000300090000600500170001500700030003200800410003510000260007624501840010226000350028630000340032170000470035585200210040299900170042395201210044051333ES-MaACL20230906162334.0t|030812s1981 sp ||||1| spa d1 aDaerr, Alfred.94242610aTecnología farmacéutica b: texto para el ingeniero farmacéutico /c[director, Alfred Dèarr] ; traducido de la 4ª edición alemana por Vicente Montejo de Garcini Guedas. aZaragoza : bAcribia, c[1981] aXI, 366 p. : bil. ; c24 cm.1 aMontejo de Garcini Guedas, Vicente.982443 aES-MaACLjL-1935 c51333d51333 00104070aATENEOMbATENEOMcDEPO2d2008-01-17eSCl0oL-1935p1053988r2023-02-23 00:00:00w2023-02-23yMONOGRAFIA